Internet of things.

Bibliographic Details
Main Author: Greengard, Samuel
Corporate Author: EBSCOhost
Format: eBook
Language:English
Published: [Place of publication not identified] : MIT Press, 2021.
Subjects:
Online Access:Connect to the full text of this electronic book

MARC

Tag First Indicator Second Indicator Subfields
LEADER 00000cam a2200000Mi 4500
001 in00004366702
005 20220105155141.0
006 m o d
007 cr cnu---unuuu
008 210806s2021 xx o 0|| 0 eng d
020 |a 9780262365840  |q (electronic bk.) 
020 |a 0262365847  |q (electronic bk.) 
020 |z 0262542625 
020 |z 9780262542623 
024 8 |a 40030677725 
035 |a (NhCcYBP)EBSCO2689115 
040 |a NhCcYBP  |c NhCcYBP  |d UtOrBLW 
050 4 |a TK7895.E43  |b G74 2021 
082 0 4 |a 384.3  |2 23 
100 1 |a Greengard, Samuel.  |0 http://id.loc.gov/authorities/names/no2009092970 
245 1 0 |a Internet of things. 
264 1 |a [Place of publication not identified] :  |b MIT Press,  |c 2021. 
300 |a 1 online resource. 
336 |a text  |b txt  |2 rdacontent 
337 |a computer  |b c  |2 rdamedia 
338 |a online resource  |b cr  |2 rdacarrier 
500 |a Electronic resource. 
650 0 |a Embedded computer systems  |v Popular works. 
650 0 |a Internet of things  |v Popular works. 
655 7 |a Electronic books.  |2 local 
710 2 |a EBSCOhost. 
776 1 8 |i Print version:  |z 0262542625  |z 9780262542623 
856 4 0 |u http://proxy.library.tamu.edu/login?url=https://search.ebscohost.com/login.aspx?direct=true&scope=site&db=nlebk&db=nlabk&AN=2689115  |z Connect to the full text of this electronic book  |t 0 
945 |b 995816 
955 |a YBP purchased approval e-records 
980 |b ebook  |c 40030677725  |f NONFIC/B  |g 565751  |k USD  |m 47.90  |q 1  |s AcqMono Conventional  |t Approval plan  |u Vendor order reference number  |v ZYBP  |y E-approvals  |z Electronic resource 
987 |a ybp302366243 
999 f f |s 7f58f06a-798d-3f1c-8863-87be2ac6ecec  |i 2d82e84e-53f9-310e-889e-abf9f2ee8b7c  |t 0 
952 f f |a Texas A&M University  |b College Station  |c Electronic Resources  |d Available Online  |t 0  |e TK7895.E43 G74 2021  |h Library of Congress classification 
998 f f |a TK7895.E43 G74 2021  |t 0  |l Available Online